| 000 | 00510cam a2200157u 4500 | ||
|---|---|---|---|
| 020 | _a285794182 | ||
| 040 | _cCarP | ||
| 082 | _aACT GPD 1999 C282 Or. | ||
| 245 | 0 | 0 | _aGuide pratique de défense des cultures. |
| 260 |
_aParis, _bAssociation de coordination technique agricole, Éditions le Carrousel, _c1999. |
||
| 300 |
_a232 p. _billus. (part col.) _c24 cm. |
||
| 650 | 0 | _aPlant diseases. | |
| 650 | 0 | _aPests | |
| 710 | 2 | _aAssociation de coordination technique agricole. [from old catalog] | |
| 942 | _cAEDBB | ||
| 999 |
_c21499 _d21499 |
||